| 000 | 01113nam a22001937a 4500 | ||
|---|---|---|---|
| 005 | 20251106122807.0 | ||
| 008 | s2550 th tha d | ||
| 040 | _aNALT | ||
| 041 | _atha | ||
| 090 |
_aอศ _bป365อ 2550 ล.1 |
||
| 245 | 1 | 0 | _aอนุสรณ์ในงานพระราชทานเพลิงศพ ศาสตราจารย์ ดร.ประยูร กาญจนดุล ณ เมรุหลวงหน้าพลับพลาอิศริยาภรณ์ วัดเทพศิรินทราวาส วันพุธที่ 10 มกราคม พ.ศ. 2550 |
| 260 |
_aกรุงเทพฯ : _bราชบัณฑิตยสถาน, _c2550. |
||
| 300 |
_a1 เล่ม : _bภาพประกอบ, ตาราง ; _c27 ซม. |
||
| 600 | 0 | 4 |
_aประยูร กาญจนดุล _927871 _xชีวประวัติ |
| 850 | _aNALT | ||
| 856 | 4 | 0 | _uhttps://dl.parliament.go.th/handle/lirt/588420 |
| 942 |
_cCRE _2local _03 |
||
| 998 |
_j111 _k นางสาวพจพิณ พรมเอี่ยม |
||
| 999 |
_c51367 _d51367 |
||